00692nam 2200217u 4500001000800000005001700008008004100025035002100066906004500087010001700132040001900149050001800168100004300186245002400229260004400253300002100297650004500318650004600363991004100409099002400450760247100000000000000.0821029s1974 xx 000 0 eng  9(DLC) 74083439 a0bcbccpremunvduencipf19gy-gencatlg a 74083439  aDLCcCarPdDLC00aM21.A225bJ731 aAgay, Denes, [from old catalog]ecomp.14aThe joy of Baroque  aNew York : Yorktown Music Pressc[1974] a80 p.b;c31 cm. 0aPiano musicxto 1800. [from old catalog] 0aPiano music, Juvenile. [from old catalog] bc-MusichM21.A225iJ73tCopy 1wPREM aagay-joy-1071950414